banner-ar

المواقع الاثرية باقاليم مصر الوسطى : (Record no. 60290)

MARC details
000 -الفاتح
حقل البيانات ثابتة الطول 01216nam a22003017a 4500
005 - وقت وتاريخ اخر تعامل مع التسجيلة
رقم الضبط 20240530110402.0
008 - عناصر البيانات ثابتة الطول - معلومات عامة
حقل البيانات ثابتة الطول 150124s2011 ua o g b 000 0 ara d
017 ## - رقم الايداع القانونى
رقم الايداع القانونى 2010/7367
المصدر ( الهيئة المختصة) مصر . دار الكتب المصرية
020 ## - الرقم الدولى المعيارى للكتب
الرقم الدولى المعيارى للكتاب 9789773277691
040 ## - مصدر الفهرسة
وكالة الفهرسة الأصلية EG-CaGPL
041 0# - رمز اللغة
رمز لغة النص/ المسارات الصوتية أو العنوان الانفرادي ara
082 04 - رقم تصنيف ديوى العشرى
رقم الطبعة 21
رقم التصنيف 916.23
رقم المادة ق/ح م
100 0# - المدخل الرئيسى - إسم شخصى
الإسم الشخصى حسنى عبدالرحيم حسن
245 12 - بيان العنوان
العنوان المواقع الاثرية باقاليم مصر الوسطى :
بقية العنوان سوهاج - اسيوط - المنيا - بنى سويف /
بيان المسئوليه,etc حسنى عبدالرحيم حسن ، ايناس مصطفى عبدالمحسن
250 ## - بيان الطبعة
بيان الطبعة ط1
260 ## - PUBLICATION, DISTRIBUTION, ETC. (IMPRINT)
تاريخ النشر أو التوزيع 2011
300 ## - الوصف المادى
التعداد متعدد :
تفاصيل ماديه اخرى للوعاء صور ؛
أبعاد الوعاء 24 سم
504 ## - تبصرة ببليوجرافية
تبصرة ببليوجرافية,الخ ببليوجرافية : ص 219 - 223
650 04 - المدخل الاضافى بالموضوع-مصطلح موضوعى
مصطلح موضوعي الاثار
651 04 - المدخل الاضافى بالموضوع - اسم جغرافى
الاسم الجغرافي مصر
التقسيم الفرعي العام الاثار
651 04 - المدخل الاضافى بالموضوع - اسم جغرافى
الاسم الجغرافي سوهاج
التقسيم الفرعي العام الاثار
651 04 - المدخل الاضافى بالموضوع - اسم جغرافى
الاسم الجغرافي اسيوط
التقسيم الفرعي العام الاثار
651 04 - المدخل الاضافى بالموضوع - اسم جغرافى
الاسم الجغرافي المنيا
التقسيم الفرعي العام الاثار
651 04 - المدخل الاضافى بالموضوع - اسم جغرافى
الاسم الجغرافي بنى سويف
التقسيم الفرعي العام الاثار
700 0# - المدخل الاضافى - اسم شخصى
الإسم الشخصى ايناس مصطفى عبدالمحسن
الدور مؤلف مشارك
942 ## - عناصر المدخل الإضافي( كوها)
مصدر التصنيف او مخطط الترفيف Dewey Decimal Classification
Koha [default] item type كتاب
260 ## - PUBLICATION, DISTRIBUTION, ETC. (IMPRINT)
-- الاسكندرية :
-- دار الوفاء لدنيا الطباعة والنشر ،
Holdings
حالة التراجع حالة الفقد حالة تلف ليس للاعارة المكان المؤقت الموقع الحالى تاريخ الاكتساب اجمالي اﻻعارات رقم الطلب الباركود تاريخ اخر مشاهدة تاريخ تفعيل السعر نوع وعاء كوها
        مكتبة القاهرة الكبرى مكتبة القاهرة الكبرى 01/24/2015   916.23 ق/ح م 159309 01/24/2015 01/24/2015 كتاب

Powered By

EGPV